UBT Library

ETIKA, MBUROJE E GAZETARISE PROFESIONALE (Record no. 60635)

000 -LEADER
fixed length control field 00354nam a22001457a 4500
008 - FIXED-LENGTH DATA ELEMENTS--GENERAL INFORMATION
fixed length control field 250114b ||||| |||| 00| 0 eng d
020 ## - INTERNATIONAL STANDARD BOOK NUMBER
International Standard Book Number 9789951982177
041 ## - LANGUAGE CODE
Language code of text/sound track or separate title SHQIP
080 ## - UNIVERSAL DECIMAL CLASSIFICATION NUMBER
Edition identifier 070SAB
Universal Decimal Classification number 070SAB
082 ## - DEWEY DECIMAL CLASSIFICATION NUMBER
Edition number 070SAB
100 ## - Rafti
Rafti 18
101 ## - Shkurtesa
Shkurtesa GAZETARI
245 ## - TITLE STATEMENT
Title ETIKA, MBUROJE E GAZETARISE PROFESIONALE
Statement of responsibility, etc SABEDINI MUSA
942 ## - ADDED ENTRY ELEMENTS (KOHA)
Source of classification or shelving scheme
Item type Books
Holdings
Withdrawn status Lost status Source of classification or shelving scheme Damaged status Not for loan Collection code Permanent location Current location Date acquired Total Checkouts Full call number Barcode Date last seen Price effective from Koha item type
          Koleksioni i përgjithshem UBT - Lipjan UBT - Lipjan 01/14/2025   070SAB 002-800070960 01/14/2025 01/14/2025 Books
          Koleksioni i përgjithshem UBT - Lipjan UBT - Lipjan 01/14/2025   070SAB 002-800070961 01/14/2025 01/14/2025 Books
          Koleksioni i përgjithshem UBT - Lipjan UBT - Lipjan 01/14/2025   070SAB 002-800070962 01/14/2025 01/14/2025 Books
UBT Library © 2015-2024. All rights reserved University Education for Business and Technology